Statistiques concernant Personnalités photographiées avec François Hollande

Cliquez ici pour prendre le quiz!

Statistiques générales

  • Ce quiz a été pris 12 721 fois
    (12 271 depuis la dernière actualisation)
  • Le résultat moyen est 15 sur 20

Statistiques - réponses

Réponse% Correct
Barack Obama
99%
Emmanuel Macron
99%
Elizabeth II
98%
Vladimir Poutine
98%
Nicolas Sarkozy
97%
Zinedine Zidane
94%
Angela Merkel
92%
Manuel Valls
87%
Teddy Riner
86%
Ségolène Royal
82%
Jean-Luc Mélenchon
71%
Jacques Chirac
68%
Christiane Taubira
65%
David Pujadas
64%
Benoît Hamon
55%
Julie Gayet
51%
Lionel Jospin
50%
Bernard Cazeneuve
37%
Valéry Trierweiler
36%
Theresa May
29%

Distribution des résultats

Percentile par nombre de réponses

% des personnes avec chaque résultat

Votre développement - résultats

Vous n’avez pas pris ce quiz depuis la dernière actualisation